Online Catalogue and eLibrary

Divinity & Deviance. (Record no. 179)

MARC details
000 -LEADER
fixed length control field 00470nam a22001817a 4500
005 - DATE AND TIME OF LATEST TRANSACTION
control field 20231219012846.0
008 - FIXED-LENGTH DATA ELEMENTS--GENERAL INFORMATION
fixed length control field 231219b |||||||| |||| 00| 0 eng d
020 ## - INTERNATIONAL STANDARD BOOK NUMBER
ISBN 0195639146.
082 ## - DDC Classification
DDC Edition Number 22
Class No. 305.4.
Item Number - Author Mark VIJ.
100 ## - MAIN ENTRY--PERSONAL NAME
Personal name Ramaswamy vijaya.
245 ## - TITLE STATEMENT
Title Divinity & Deviance.
Remainder of title Women in virasaivism.
250 ## - EDITION STATEMENT
Edition statement 1st.
260 ## - PUBLICATION, DISTRIBUTION, ETC.
Place of publication, distribution, etc. New York.
Name of publisher, distributor, etc. Oxford university press.
Date of publication, distribution, etc. 1996.
300 ## - PHYSICAL DESCRIPTION
Extent (e.g. Volumes, Pages etc.) xviii, 137 p.
500 ## - GENERAL NOTE
General note Gender studies.
650 ## - SUBJECT ADDED ENTRY--TOPICAL TERM
Topical term or geographic name entry element women
942 ## - Koha item type (Biblio)
Koha item type Books in Stacks (Lending)
Holdings
Lost status Damaged status Collection code Home library Current library Date acquired Full call number Accession Number Item type
    Lending WERC Library WERC Library 12/19/2023 305.4. VIJ. 2243 Books in Stacks (Lending)

© WERC Library